[Event "QA-ANNIV-04"]
[Site "http://www.queenalice.com/game.php?id=578007"]
[Date "2009.4.26"]
[Round "5"]
[White "Jamtony"]
[Black "Hagi"]
[Result "1-0"]
[WhiteElo "1571"]
[BlackElo "1576"]

1. e4 e5 2. a3 Nf6 3. d3 c6 4. h3 d5 5. exd5 cxd5 6. d4 e4 7. Nc3 Nc6 8. Bg5 h6
9. Bxf6 Qxf6 10. Bb5 Be6 11. Nge2 a6 12. Bxc6+ bxc6 13. O-O Be7 14. Ng3 O-O 15.
Nce2 c5 16. c3 cxd4 17. cxd4 Bd7 18. Nc3 Bc6 19. Nh5 Qg6 20. g3 Qe6 21. Kh2 e3
22. fxe3 Qxe3 23. Qg4 g5 24. Nf6+ Bxf6 25. Rxf6 Qd2+ 26. Kg1 Kg7 27. Rxc6 Qxb2
28. Rf1 f6 29. Nxd5 Rad8 30. Nf4 Qxd4+ 31. Rf2 Qa1+ 32. Kg2 Rde8 33. Qh5 gxf4
34. Rc7+ Kh8 35. Qxh6+ Kg8 36. Qg7# 1-0

[Event "Despertai!"]
[Site "http://www.queenalice.com/game.php?id=585313"]
[Date "2009.5.8"]
[Round "3"]
[White "XaraX"]
[Black "Jamtony"]
[Result "1-0"]
[WhiteElo "1784"]
[BlackElo "1598"]

1. d4 d5 2. c4 c6 3. Nc3 Be6 4. Nf3 f6 5. Bf4 Na6 6. e3 Bf5 7. c5 b6 8. Bxa6 Qd7
9. Bd3 Bxd3 10. Qxd3 bxc5 11. O-O c4 12. Qc2 e6 13. a3 a5 14. a4 Bb4 15. h3 Ne7
16. Ne2 O-O 17. Rfd1 c5 18. b3 cxd4 19. exd4 Nf5 20. bxc4 dxc4 21. Qxc4 Rfc8 22.
Qb3 h6 23. Rac1 Rxc1 24. Rxc1 Rc8 25. Rxc8+ Qxc8 26. Bd2 Qa6 27. Bxb4 Qxe2 28.
Bxa5 Kh7 29. Bb4 g5 30. a5 e5 31. Qf7+ Ng7 32. Bf8 Qd1+ 33. Kh2 h5 34. Qxg7# 1-0

[Event "AUTO-INT-1335"]
[Site "http://www.queenalice.com/game.php?id=599310"]
[Date "2009.6.6"]
[Round "1"]
[White "kanibal"]
[Black "Jamtony"]
[Result "1-0"]
[WhiteElo "1486"]
[BlackElo "1567"]

1. d4 d5 2. Nf3 Bg4 3. Ne5 Be6 4. e3 a6 5. Bd3 f6 6. Ng4 Nh6 7. Nxh6 gxh6 8. O-O
Qd6 9. b3 b5 10. Ba3 b4 11. Bb2 Nc6 12. Qe2 Bf7 13. c3 Bg6 14. Bxg6+ hxg6 15.
cxb4 Nxb4 16. Bc3 e5 17. dxe5 fxe5 18. a3 Nc6 19. e4 Bg7 20. Nd2 Rf8 21. Bb4 Nd4
22. Qg4 c5 23. Bc3 h5 24. Qg5 Nc2 25. Ra2 d4 26. Ba5 Rh8 27. Rxc2 d3 28. Rc4 Bh6
29. Qh4 Bxd2 30. Bxd2 Kd7 31. Qh3+ Kc6 32. f4 Rhf8 33. f5 Qf6 34. Qxd3 Rfd8 35.
Qc3 a5 36. Rxc5+ Kb6 37. Be3 Qd6 38. Rd5+ Kb7 39. Rxd6 Rxd6 40. Qxe5 Rd3 41.
Qb5+ Kc7 42. Qxd3 Kc8 43. Rc1+ Kb7 44. Qb5# 1-0

[Event "AUTO-INT-1335"]
[Site "http://www.queenalice.com/game.php?id=599311"]
[Date "2009.6.6"]
[Round "1"]
[White "Jamtony"]
[Black "kanibal"]
[Result "0-1"]
[WhiteElo "1554"]
[BlackElo "1649"]

1. e4 d5 2. e5 Nc6 3. Bb5 a6 4. Bxc6+ bxc6 5. h3 f6 6. Qe2 fxe5 7. Qxe5 Nf6 8.
Nf3 e6 9. O-O Bd6 10. Qd4 O-O 11. d3 c5 12. Qh4 Be7 13. Bg5 h6 14. Ne5 hxg5 15.
Qxg5 Nh7 16. Qg6 Qd6 17. Re1 Rf6 18. Qh5 Rf5 19. Qe8+ Rf8 20. Qh5 Bf6 21. Ng6
Rd8 22. Nd2 e5 23. Nf3 e4 24. dxe4 dxe4 25. Rxe4 Bxb2 26. Rae1 Bd7 27. Ng5 Nxg5
28. Qxg5 Bf6 29. Qh5 Bc3 30. Nh8 g6 31. Nxg6 Kg7 32. Re7+ Kf6 33. Qh6 Bxe1 34.
Rxe1 Re8 35. Rxe8 Bxe8 36. Nh8+ Ke7 37. Qe3+ Kd7 38. c4 Qd1+ 39. Kh2 Qh5 40.
Qd3+ Kc8 41. Qe4 Qxh8 42. Qe6+ Bd7 43. Qd5 Rb8 44. Qxc5 Qb2 45. a3 Rb6 46. Qf8+
Kb7 47. h4 Rb3 48. f3 Rxa3 49. c5 Ra2 50. Kg3 Qxg2+ 51. Kf4 Ra4+ 52. Ke5 Qe2+
53. Kf6 Qxf3+ 54. Ke7 Re4+ 55. Kxd7 Qxf8 0-1

[Event "AUTO-INT-1335"]
[Site "http://www.queenalice.com/game.php?id=599326"]
[Date "2009.6.6"]
[Round "1"]
[White "marioandre123"]
[Black "Jamtony"]
[Result "0-1"]
[WhiteElo "1473"]
[BlackElo "1576"]

1. e4 e5 2. Nf3 Bd6 3. Nc3 Nf6 4. Bc4 O-O 5. d3 h6 6. O-O a6 7. Nd5 Nxd5 8. exd5
b5 9. Bb3 Bb7 10. c4 bxc4 11. dxc4 Qe7 12. Be3 c6 13. c5 e4 14. cxd6 Qxd6 15.
Nd2 cxd5 16. Nxe4 Qe5 17. Bc2 dxe4 18. Bd4 Qf5 19. Re1 d5 20. b3 Nc6 21. Bc5
Rfe8 22. f3 Qh5 23. Bf2 Bc8 24. g4 Qg5 25. h4 Qf4 26. Be3 Qg3+ 27. Kf1 exf3 28.
Qd2 Bxg4 29. Bg1 Bh3+ 30. Qg2 Bxg2# 0-1

[Event "AUTO-INT-1335"]
[Site "http://www.queenalice.com/game.php?id=599327"]
[Date "2009.6.6"]
[Round "1"]
[White "Jamtony"]
[Black "marioandre123"]
[Result "0-1"]
[WhiteElo "1599"]
[BlackElo "1459"]

1. e4 e5 2. a3 Nf6 3. Bd3 Bc5 4. Qe2 O-O 5. b4 Bb6 6. Nf3 d6 7. h3 Nc6 8. O-O
Be6 9. b5 Nd4 10. Nxd4 Bxd4 11. c3 Bc5 12. a4 d5 13. exd5 Qxd5 14. Bc4 Qxc4 15.
d3 Qd5 16. c4 Qd4 17. Bb2 Qh4 18. Bxe5 c6 19. Nd2 Ng4 20. Ne4 Nxe5 21. Nxc5 Ng6
22. Nxb7 Nf4 23. Qe4 Nxg2 24. Qxg2 Bxh3 25. Qxc6 Qg4+ 26. Kh2 Qh4 27. Kg1 Qg4+
28. Kh1 Bxf1 29. Rxf1 Rac8 30. Qd5 Rce8 31. Nd6 Re6 32. Nf5 Rf6 33. Ne7+ Kh8 34.
Rg1 Rh6+ 35. Qh5 Rxh5# 0-1

[Event "AUTO-INT-1335"]
[Site "http://www.queenalice.com/game.php?id=599338"]
[Date "2009.6.6"]
[Round "1"]
[White "Jamtony"]
[Black "julioisdi"]
[Result "1-0"]
[WhiteElo "1554"]
[BlackElo "1705"]

1. e4 e5 2. Qh5 Nc6 3. Bb5 Nge7 4. Nf3 d6 5. Ng5 g6 6. Qh4 Bd7 7. Nc3 Nd4 8. O-O
Nxb5 9. h3 h6 10. Nxb5 Bxb5 11. d3 Bg7 12. c4 Ba6 13. Nf3 g5 14. Qh5 b5 15. b3
bxc4 16. bxc4 c6 17. Ba3 d5 18. Rad1 Qa5 19. Bxe7 Qxa2 20. Rd2 Qb3 21. Bd6 dxc4
22. Bxe5 Bxe5 23. Nxe5 Rh7 24. dxc4 Bxc4 25. Nxc4 Qxc4 26. Rfd1 Qxe4 27. Re2
Qxe2 28. Qxe2+ Kf8 29. Qe4 Kg7 30. Qxc6 Rhh8 31. Rd7 Rhc8 32. Qb7 a5 33. Rxf7+
Kg8 34. g4 Rab8 35. Rg7+ Kf8 36. Qf7# 1-0

[Event "AUTO-INT-1335"]
[Site "http://www.queenalice.com/game.php?id=599339"]
[Date "2009.6.6"]
[Round "1"]
[White "julioisdi"]
[Black "Jamtony"]
[Result "1-0"]
[WhiteElo "1606"]
[BlackElo "1578"]

1. e4 e5 2. Nf3 Bd6 3. c3 Nf6 4. d4 Nxe4 5. dxe5 Bc5 6. Nd4 O-O 7. b4 Bb6 8. f3
Qh4+ 9. g3 Nxg3 10. Rg1 Nh1+ 11. Kd2 Qf2+ 12. Be2 Bxd4 13. cxd4 Qxd4+ 14. Ke1
Qxa1 15. Bh6 Re8 16. Rxg7+ Kh8 17. Qd3 1-0

[Event "QA-ANNIV-05"]
[Site "http://www.queenalice.com/game.php?id=604301"]
[Date "2009.6.15"]
[Round "1"]
[White "Jamtony"]
[Black "puddschini"]
[Result "0-1"]
[WhiteElo "1563"]
[BlackElo "2482"]

1. e4 e6 2. a3 c5 3. Nf3 Nc6 4. Bc4 Nf6 5. d3 d5 6. Bb5 dxe4 7. Ng5 exd3 8. cxd3
h6 9. Nf3 Bd6 10. g3 O-O 11. O-O Nd4 12. Nxd4 cxd4 13. b4 a6 14. Bc4 b5 15. Bb3
a5 16. Qf3 Ra7 17. Bf4 Bb7 18. Qe2 Bxf4 19. gxf4 axb4 20. h3 Qd6 21. Qd2 bxa3
22. f3 Nh5 23. Qf2 Nxf4 24. Kh1 Nxd3 0-1

[Event "AUTO-INT-1417"]
[Site "http://www.queenalice.com/game.php?id=637604"]
[Date "2009.8.16"]
[Round "1"]
[White "mitsho"]
[Black "Jamtony"]
[Result "0-1"]
[WhiteElo "1653"]
[BlackElo "1548"]

1. d4 d5 2. e4 a6 3. Nc3 dxe4 4. Nxe4 Qd5 5. Nc3 Qe6+ 6. Be3 h6 7. b3 Qg6 8. Nf3
Bg4 9. Bd3 Qe6 10. d5 Qd6 11. h3 Bxf3 12. Qxf3 e6 13. Bc4 exd5 14. Nxd5 Nc6 15.
O-O-O O-O-O 16. Bf4 Ne5 17. Qg3 Qa3+ 18. Kb1 Nxc4 19. Qg4+ Rd7 20. Nb6+ Nxb6 0-1

[Event "AUTO-INT-1417"]
[Site "http://www.queenalice.com/game.php?id=637605"]
[Date "2009.8.16"]
[Round "1"]
[White "Jamtony"]
[Black "mitsho"]
[Result "0-1"]
[WhiteElo "1566"]
[BlackElo "1669"]

1. e4 c5 2. c4 Nc6 3. Nf3 g6 4. Bd3 Bg7 5. O-O Nf6 6. Nc3 d6 7. h3 Be6 8. Ng5
Nd4 9. Nb5 O-O 10. b3 Nd7 11. Nxd4 Bxd4 12. Rb1 Ne5 13. Qe2 Qd7 14. Bb2 Nc6 15.
Bxd4 Nxd4 16. Qd1 f5 17. exf5 Bxf5 18. Bxf5 Rxf5 19. f4 Raf8 20. Kh2 Rxf4 21.
Rxf4 Rxf4 22. a4 Qf5 23. d3 Qxg5 24. Rb2 d5 25. g3 Rf3 26. g4 Qf4+ 27. Kg1 Rxh3
28. cxd5 Qg3+ 0-1

[Event "AUTO-INT-1417"]
[Site "http://www.queenalice.com/game.php?id=637618"]
[Date "2009.8.16"]
[Round "1"]
[White "Calamas"]
[Black "Jamtony"]
[Result "1-0"]
[WhiteElo "1950"]
[BlackElo "1575"]

1. e4 e5 2. Nf3 Qe7 3. Nc3 c6 4. Bc4 b5 5. Bb3 Nf6 6. O-O Na6 7. d4 d6 8. Ng5 h6
9. dxe5 dxe5 10. Bxf7+ Qxf7 11. Nxf7 Kxf7 12. Be3 Bg4 13. f3 Be6 14. f4 exf4 15.
Rxf4 g5 16. Rxf6+ Kxf6 17. Qd4+ Ke7 18. Qxh8 Nb4 19. Bc5+ Ke8 20. Qxf8+ Kd7 21.
Rd1+ Kc7 22. Qe7+ Bd7 23. Rxd7+ 1-0

[Event "AUTO-INT-1417"]
[Site "http://www.queenalice.com/game.php?id=637619"]
[Date "2009.8.16"]
[Round "1"]
[White "Jamtony"]
[Black "Calamas"]
[Result "0-1"]
[WhiteElo "1568"]
[BlackElo "2186"]

1. e4 c6 2. Nf3 d5 3. Bd3 dxe4 4. Bxe4 Nf6 5. Nc3 Nxe4 6. Nxe4 Nd7 7. O-O Nf6 8.
Nxf6+ exf6 9. d4 Be6 10. b3 Bd6 11. c4 O-O 12. c5 Bc7 13. h3 Re8 14. Bb2 Bd5 15.
Re1 Rxe1+ 16. Qxe1 Bxf3 17. gxf3 Qd7 18. Qf1 Qf5 19. Qg2 Qc2 20. Ba3 Re8 21. Qf1
Qg6+ 22. Qg2 Qd3 23. Qg4 f5 24. Qh5 Re6 25. f4 Rg6+ 26. Qxg6 hxg6 27. Kg2 Bxf4
28. Bc1 Qe4+ 29. Kf1 Qxd4 30. Rb1 Qd3+ 31. Kg2 Qxb1 32. Bxf4 Qxa2 33. b4 Qc4 34.
Bd2 Qd5+ 35. Kg1 Qxd2 0-1

[Event "AUTO-INT-1417"]
[Site "http://www.queenalice.com/game.php?id=637626"]
[Date "2009.8.16"]
[Round "1"]
[White "Liesel"]
[Black "Jamtony"]
[Result "1-0"]
[WhiteElo "1756"]
[BlackElo "1542"]

1. e4 e5 2. Nf3 Bd6 3. d4 f6 4. Nc3 Bb4 5. dxe5 Bxc3+ 6. bxc3 Qe7 7. exf6 Nxf6
8. Bg5 O-O 9. Bc4+ Kh8 10. Bxf6 Qxf6 11. e5 Qf4 12. Bb3 Nc6 13. O-O Nxe5 14.
Nxe5 Qxe5 15. c4 b6 16. Ba4 c6 17. Re1 Qc3 18. Bb3 Ba6 19. Qxd7 Rfd8 20. Qxc6
Rab8 21. Rad1 h6 22. h3 Rxd1 23. Rxd1 Kh7 24. Qc7 Re8 25. Qxa7 Re1+ 26. Rxe1
Qxe1+ 27. Kh2 Bc8 28. Qxb6 Qe2 29. a4 h5 30. a5 h4 31. a6 1-0

[Event "AUTO-INT-1417"]
[Site "http://www.queenalice.com/game.php?id=637627"]
[Date "2009.8.16"]
[Round "1"]
[White "Jamtony"]
[Black "Liesel"]
[Result "0-1"]
[WhiteElo "1535"]
[BlackElo "1763"]

1. e4 e5 2. a3 Nf6 3. d4 exd4 4. Qxd4 Nc6 5. Qe3 Be7 6. h3 O-O 7. Bb5 Re8 8. e5
Nxe5 9. Qxe5 Bd6 10. Qxe8+ Qxe8+ 11. Ne2 a6 12. Bd3 b5 13. O-O Qe5 14. Bf4 Qxb2
15. Nd2 Bxf4 16. Nxf4 Bb7 17. Rae1 Qxa3 18. Ne4 Nxe4 19. Bxe4 Bxe4 20. Rxe4 f5
21. Re5 g6 22. Nd5 c6 23. Ne7+ Kf7 24. Rfe1 d6 25. Re6 Qc3 26. R1e2 a5 27. Rxd6
a4 28. Nxc6 Kg7 29. Rd7+ Kh6 30. Ne5 a3 31. Nf7+ Kh5 0-1

[Event "Despertai!"]
[Site "http://www.queenalice.com/game.php?id=638606"]
[Date "2009.8.18"]
[Round "5"]
[White "lobo"]
[Black "Jamtony"]
[Result "1-0"]
[WhiteElo "1822"]
[BlackElo "1573"]

1. e4 e5 2. Nf3 Bd6 3. d4 Bb4+ 4. c3 Bd6 5. dxe5 Be7 6. Bc4 f6 7. exf6 Nxf6 8.
Ng5 d5 9. exd5 h6 10. Nf3 Bg4 11. h3 Bxf3 12. Qxf3 Qd6 13. Bf4 Qc5 14. Bb3 c6
15. dxc6 bxc6 16. O-O g5 17. Be3 Qb5 18. Re1 Nbd7 19. Bd2 1-0

[Event "QA-ANNIV-04"]
[Site "http://www.queenalice.com/game.php?id=644168"]
[Date "2009.8.29"]
[Round "6"]
[White "gardez2005"]
[Black "Jamtony"]
[Result "1-0"]
[WhiteElo "2125"]
[BlackElo "1577"]

1. e4 e5 2. Nf3 Bd6 3. Bc4 Qe7 4. d3 h6 5. Nc3 Bb4 6. Bd2 Bxc3 7. Bxc3 d6 8. h3
Nf6 9. Qe2 a6 10. O-O O-O 11. Rae1 b5 12. Bb3 1-0